00725nam a2200169 a 4500003000200000005001700002008004100019050002700060100002900087245014300116260009000259300004000349504004100389650004800430650003700478650004000515020250618122602.0021126s19uu xx 00 eng d aPHS HV 8705b.C85 2000 aCulalic, Reuel Vernon E. aA Survey on the predominant cases of convicts in cell IC2 of the death row at the New Bilibid Prison 1999-2000 /cReuel Vernon E. Culalic. aLas Piñas City, Philippines :bSouthville International School and Colleges,c2000. a49 pages :billustrations ;c28 cm. aIncludes bibliographical references. aDeath row inmateszPhilippinesxStatistics. aCapital punishmentzPhilippines. aPrisonerszPhilippinesxStatistics.